Five Nights at Freddy's 1-6 | Animatronics Quiz - Statistics

General Stats
  • This quiz has been taken 157 times
  • The average score is 46 of 69
Answer Stats
Game Animatronic % Correct
FNAF1 Bonnie
97%
FNAF1 Chica
97%
FNAF1 Foxy
97%
FNAF1 Fredbear
96%
FNAF1 Freddy Fazbear
93%
FNAF2 Toy Freddy
93%
FNAF2 Toy Bonnie
92%
FNAF2 The Mangle
91%
FNAF2 Toy Chica
91%
FNAF2 Balloon Boy
89%
FNAF2 The Puppet
86%
FNAF2 Withered Bonnie
86%
FNAF2 Withered Chica
85%
FNAF2 Withered Freddy
85%
FNAF2 Withered Foxy
82%
FNAF2 RWQFSFASXC
81%
FNAF3 Springtrap
80%
FNAF2 Shadow Freddy
79%
FNAF4 Nightmare
78%
FNAF2 Balloon Girl
77%
FNAF3 Phantom Chica
76%
FNAF3 Phantom Foxy
76%
FNAF3 Phantom Freddy
76%
FNAF4 Nightmare Bonnie
74%
FNAF4 Nightmare Chica
74%
FNAF4 Nightmare Foxy
74%
FNAF4 Nightmare Freddy
74%
FNAF2 Withered Fredbear
74%
FNAF4 Nightmare Fredbear
73%
FNAF3 Phantom Balloon Boy
73%
FNAF: SL Circus Baby
72%
FNAF3 Phantom Puppet
72%
FNAF: SL Funtime Foxy
70%
FNAF: SL Ballora
69%
FNAF: SL Funtime Freddy
69%
FNAF3 Phantom Mangle
69%
FNAF4 Nightmarionne
67%
FNAF4 Plushtrap
67%
FNAF: SL Ennard
66%
FNAF4 Nightmare Balloon Boy
66%
FNAF4 Nightmare Mangle
65%
FNAF6 Scraptrap
61%
FNAF4 Jack O' Chica
60%
FNAF6 Lefty
60%
FNAF: SL Bon-Bon
59%
FNAF4 Jack O' Bonnie
58%
FNAF: SL Lolbit
57%
FNAF: SL Bidybab
56%
FNAF6 Rockstar Bonnie
56%
FNAF6 Rockstar Freddy
56%
FNAF6 Rockstar Chica
55%
FNAF6 Rockstar Foxy
55%
FNAF6 Scrap Baby
55%
FNAF: SL Bonnet
54%
FNAF6 Funtime Chica
52%
FNAF6 Mr. Hippo
52%
FNAF6 Molten Freddy
51%
FNAF: SL Minireena
50%
FNAF6 Pigpatch
49%
FNAF: SL Yenndo
48%
FNAF6 Happy Frog
47%
FNAF6 Orville Elephant
46%
FNAF2 Endo 02
45%
FNAF6 Nedd Bear
45%
FNAF6 El Chip
42%
FNAF6 Music Man
39%
FNAF6 Helpy
36%
FNAF6 Candy Cadet
25%
FNAF6 Security Puppet
22%
No matching quizzes found
Score Distribution
Percent of People with Each Score
Percentile by Number Answered
Your Score History
You have not taken this quiz